| 000 | 00635nam 22001933 4500 | ||
|---|---|---|---|
| 001 | 199816 | ||
| 090 | _a199816 | ||
| 100 | _a20260109d u||y0pory50 ba | ||
| 200 |
_aQuímica Orgânica _eteoria, 373 exercícios e testes, 600 testes de exames vestibulares _fRicardo Feltre, Setsuo Yoshinaga |
||
| 210 |
_aBrasil _cEditora Moderna _dimp.1981 |
||
| 215 |
_avol.4 ; 670 p. _cil. ; brochado _d22 cm |
||
| 606 |
_94688 _aQuímica |
||
| 610 | _aQuímica Orgânica | ||
| 675 |
_a547 _vPT _zpor |
||
| 700 |
_915630 _aFeltre _bRicardo _f1928-2021 |
||
| 701 |
_915631 _aYoshinaga _bSetsuo _f1937- |
||
| 801 |
_aPT _bBMMN _gRPC |
||
| 830 |
_cAna _fAna |
||
| 990 | _cLIVROS | ||